00528nam a22001337a 4500008004100000020001500041050002700056245020300083260003700286300002200323440001100345500001900356700001900375140904b xxu||||| |||| 00| 0 eng d a0406850828 aKD288.A64(1965 vol. 2) aThe All England law reports 1965(vol. 2): of Cases decided in the House of Lords. The Privy council. All divisions of the Supreme Court and Courts of special jurisdiction. /cedited by J.T. Edgerley aLondon:bThe Law journal,c1965. axl, 1024p.c25cm. vVol. 2 aIncludes index aEdgerley, J.T.